Countries with the Most Internet Users - Statistics

General Stats
  • This quiz has been taken 114 times
    66 since last reset
  • The average score is 23 of 30
Answer Stats
Internet Users Country % Correct
1,089,140,000 China
95%
311,300,000 United States
95%
65,001,016 United Kingdom
93%
165,300,000 Brazil
90%
59,470,000 France
90%
136,203,231 Nigeria
90%
77,794,405 Germany
88%
881,250,000 India
88%
129,800,000 Russia
88%
117,400,000 Japan
83%
130,000,000 Pakistan
83%
33,950,632 Canada
80%
80,750,000 Egypt
78%
215,626,156 Indonesia
78%
50,540,000 Italy
78%
96,800,000 Mexico
78%
42,400,756 Spain
78%
126,210,000 Bangladesh
73%
54,043,108 Thailand
73%
49,421,084 South Korea
70%
74,278,491 Turkey
70%
78,086,663 Iran
68%
73,003,313 Philippines
68%
40,024,673 Argentina
65%
34,697,848 Poland
63%
68,172,134 Vietnam
63%
30,548,252 Colombia
60%
31,858,027 South Africa
55%
34,840,000 Saudi Arabia
53%
33,090,000 Tanzania
25%
No matching quizzes found
Score Distribution
Percent of People with Each Score
Percentile by Number Answered
Your Score History
You have not taken this quiz since the last reset